000 01322nam a2200313 c 4500
999 _c183383
_d183383
003 BLK
005 20200825143349.0
008 180411b bul|||||r ||||||| ||bul||
010 _aKNG00192313000
040 _aBLK
041 _aBUL
_cBUL
080 _aЛатинска (римска) литература
_b821.124
_x-1
_z821.124-1
080 _aКласическа гръцка литература. Старогръцка литература
_b821.142
_x-1
_z821.142-1
100 1 _aДимитров, Крум
_eпърви автор
_9378221
139 _aДимитров, Крум
_bД 58
245 1 0 _aИзбрани преводи
_cКрум Димитров; състав. и предг. от Александър Димитров Ничев.
257 _aBGR
260 _bНар. култура
_c1984
300 _a232 с., 1 л.
_bпортр.
_c18 см
380 _aX
490 _aБългарски преводачи
_9205664
700 1 _aНичев, Александър Димитров
_eсъстав. и предг. от
_9363321
852 _aЦб І 21063
856 4 _qpdf
856 4 _qpdf
942 _cKNG
_n0
_s1
944 _aCR
_c11.10.2016
_kГрета_Цуфелде
944 _aED
_c11.10.2016
_kГрета_Цуфелде
999 _d183383